Human rights in India: historical, social and political perspectives (Record no. 399308)

000 -LEADER
fixed length control field 00518cam a22001697a 4500
008 - FIXED-LENGTH DATA ELEMENTS--GENERAL INFORMATION
fixed length control field 180718b2000 xxu||||| |||| 00| 0 eng d
020 ## - INTERNATIONAL STANDARD BOOK NUMBER
International Standard Book Number 0195645979
082 ## - DEWEY DECIMAL CLASSIFICATION NUMBER
Classification number C41x54 N629
245 ## - TITLE STATEMENT
Title Human rights in India: historical, social and political perspectives
Statement of responsibility, etc. edited by C.J. Nirmal
260 ## - PUBLICATION, DISTRIBUTION, ETC.
Place of publication, distribution, etc. New Delhi
Name of publisher, distributor, etc. Oxford Univ. Press
Date of publication, distribution, etc. 2000
300 ## - PHYSICAL DESCRIPTION
Extent 333p.
650 ## - SUBJECT ADDED ENTRY--TOPICAL TERM
Topical term or geographic name entry element India - Social conditions
650 ## - SUBJECT ADDED ENTRY--TOPICAL TERM
Topical term or geographic name entry element Human rights - India
650 ## - SUBJECT ADDED ENTRY--TOPICAL TERM
Topical term or geographic name entry element Written Off
650 ## - SUBJECT ADDED ENTRY--TOPICAL TERM
Topical term or geographic name entry element (77350-Written Off)
700 ## - ADDED ENTRY--PERSONAL NAME
Personal name Nirmal, C.J.
Holdings
Withdrawn status Lost status Damaged status Not for loan Permanent Location Current Location Date acquired Full call number Barcode Date last seen Price effective from Koha item type
        Indian Institute of Public Administration Indian Institute of Public Administration 2002-03-04 C41x54 N629 77350 2018-07-21 2018-07-21 Book

Powered by Koha